Экономический потенциал территории Российской Федерации: учебное пособие для вузов

Bibliografiske detaljer
Hovedforfatter: Вагин В. Д. Валерий Денисович
Summary:В данном учебном пособии, основанном на исследованиях ученых, а также трудах ведущих специалистов России, раскрываются понятия экономического потенциала, экономического пространства Российской Федерации, а также объем содержания и структура экономического потенциала. Структура пособия отличается от всех ранее изданных. Особое вни­мание уделено таким составным частям экономического потенциала, как природно-ресурсный, производственный, финансовый, человеческий, внешнеэкономический и интеграционный потенциалы, научно-технические и инновационные факторы развития.Наряду с содержанием и характеристикой экономического потенциала страны даются результирующие показатели ее социально-экономического развития. Приводится расчет индекса развития человеческого потенциала и его уровень для регионов и России в целом.Предназначено для студентов, обучающихся по специальности «Таможенное дело», а также может быть использовано студентами экономических специальностей, аспирантами и преподавателями вузов.
Sprog:russisk
Udgivet: Санкт-Петербург, Интермедия, 2014
Fag:
Format: MixedMaterials Bog
KOHA link:https://koha.lib.tpu.ru/cgi-bin/koha/opac-detail.pl?biblionumber=259628

MARC

LEADER 00000nam0a2200000 4500
001 259628
005 20231101233413.0
010 |a 9785438300731 
035 |a (RuTPU)RU\TPU\book\282574 
090 |a 259628 
100 |a 20140512d2014 m y0rusy50 ca 
101 0 |a rus 
102 |a RU 
105 |a y j 001zy 
200 1 |a Экономический потенциал территории Российской Федерации  |e учебное пособие для вузов  |f В. Д. Вагин 
210 |a Санкт-Петербург  |c Интермедия  |d 2014 
215 |a 259 с. 
320 |a Библиогр.: с. 239-259. 
330 |a В данном учебном пособии, основанном на исследованиях ученых, а также трудах ведущих специалистов России, раскрываются понятия экономического потенциала, экономического пространства Российской Федерации, а также объем содержания и структура экономического потенциала. Структура пособия отличается от всех ранее изданных. Особое вни­мание уделено таким составным частям экономического потенциала, как природно-ресурсный, производственный, финансовый, человеческий, внешнеэкономический и интеграционный потенциалы, научно-технические и инновационные факторы развития.Наряду с содержанием и характеристикой экономического потенциала страны даются результирующие показатели ее социально-экономического развития. Приводится расчет индекса развития человеческого потенциала и его уровень для регионов и России в целом.Предназначено для студентов, обучающихся по специальности «Таможенное дело», а также может быть использовано студентами экономических специальностей, аспирантами и преподавателями вузов. 
606 1 |a Экономическая география  |y Россия  |y СССР  |2 stltpush  |3 (RuTPU)RU\TPU\subj\37379  |9 58398 
610 1 |a экономический потенциал 
610 1 |a экономические районы 
610 1 |a экономическое пространство 
610 1 |a природные ресурсы 
610 1 |a производственный потенциал 
610 1 |a финансовый потенциал 
610 1 |a инновационный потенциал 
610 1 |a научно-технический потенциал 
610 1 |a демографическая ситуация 
610 1 |a человеческий потенциал 
610 1 |a свободные экономические зоны 
610 1 |a СНГ 
610 1 |a Российская Федерация 
610 1 |a интеграционные процессы 
610 1 |a учебные пособия 
686 |a У04(2)я73  |v LBC/SL-A  |2 rubbk 
700 1 |a Вагин  |b В. Д.  |g Валерий Денисович 
801 1 |a RU  |b 63413507  |c 20140512 
801 2 |a RU  |b 63413507  |c 20150622  |g RCR 
900 |a Национальная экономика 
900 |a Экономический потенциал таможенной территории России 
942 |c BK 
959 |a 31/20140220  |d 2  |e 550,00  |f ЧЗГЛ:1  |f АНЛ:1